Tash hearts Tolstoy / Kathryn Ormsbee.
Available copies
- 2 of 2 copies available at LARL/NWRL Consortium.
- 1 of 1 copy available at Lake Agassiz Regional Library. (Show preferred library)
Current holds
0 current holds with 2 total copies.
Show Only Available Copies
| Location | Call Number / Copy Notes | Barcode | Shelving Location | Status | Due Date |
|---|---|---|---|---|---|
| Moorhead Public Library | Y ORM (Text) | 33500012517108 | Main | Available | - |
| Roseau Public Library | ya ORM (Text) | 35500005881469 | Main | Available | - |
Record details
- ISBN: 9781481489331
- ISBN: 148148933X
- ISBN: 9781481489348
- ISBN: 1481489348
- Physical Description: 372 pages ; 22 cm
- Edition: First edition.
- Publisher: New York : Simon & Schuster BFYR, [2017]
Content descriptions
| Summary, etc.: | Fame and success come at a cost for Natasha "Tash" ... Read More |
Search for related items by subject
| Subject: | Internet television > Production and direction > Fiction. Fame > Fiction. Asexuality (Sexual orientation) > Fiction. Dating (Social customs) > Fiction. |
| Genre: | Young adult fiction. |
| LDR | 01606cam a22004338i 4500 | ||
|---|---|---|---|
| 001 | 254092 | ||
| 003 | LARL_NWRL_CONSORTIUM | ||
| 005 | 20170614135506.0 | ||
| 008 | 161013s2017 nyu d 000 1 eng | ||
| 010 | . | ‡a 2016032661 | |
| 040 | . | ‡aDLC ‡beng ‡erda ‡cDLC ‡dYDX ‡dBTCTA ‡dBDX ‡dOCLCQ ‡dIWE ‡dLIQ ‡dUAP ‡dOCLCO ‡dOEL ‡dOJ4 | |
| 020 | . | ‡a9781481489331 ‡q(hardcover) | |
| 020 | . | ‡a148148933X ‡q(hardcover) | |
| 020 | . | ‡a9781481489348 ‡q(trade paper) | |
| 020 | . | ‡a1481489348 ‡q(trade paper) | |
| 035 | . | ‡a(OCoLC)960031442 | |
| 042 | . | ‡alcac ‡apcc | |
| 082 | 0 | 0. | ‡a[Fic] ‡223 |
| 100 | 1 | . | ‡aOrmsbee, Kathryn, ‡eauthor. |
| 245 | 1 | 0. | ‡aTash hearts Tolstoy / ‡cKathryn Ormsbee. |
| 250 | . | ‡aFirst edition. | |
| 264 | 1. | ‡aNew York : ‡bSimon & Schuster BFYR, ‡c[2017] | |
| 300 | . | ‡a372 pages ; ‡c22 cm | |
| 336 | . | ‡atext ‡btxt ‡2rdacontent | |
| 337 | . | ‡aunmediated ‡bn ‡2rdamedia | |
| 338 | . | ‡avolume ‡bnc ‡2rdacarrier | |
| 520 | . | ‡aFame and success come at a cost for Natasha "Tash" Zelenka when she creates the web series "Unhappy Families," a modern adaptation of Anna Karenina--written by Tash's eternal love Leo Tolstoy. | |
| 650 | 0. | ‡aInternet television ‡xProduction and direction ‡vFiction. | |
| 650 | 0. | ‡aFame ‡vFiction. ‡0(LARL_NWRL_CONSORTIUM)164952 | |
| 650 | 0. | ‡aAsexuality (Sexual orientation) ‡vFiction. | |
| 650 | 0. | ‡aDating (Social customs) ‡vFiction. ‡0(LARL_NWRL_CONSORTIUM)164536 | |
| 655 | 0. | ‡aYoung adult fiction. | |
| 901 | . | ‡a254092 ‡bOCoLC ‡c254092 ‡tbiblio ‡soclc | |

Add to basket
Permalink
Disable Highlighting